000 00658nam a2200217 a 4500
001 BRCA_2798
005 20190320203955.0
008 081208s1961----enka---###---#000-0#eng-u
050 4 _aN8217
_b.P56 1961
100 1 _aPindborg, Jens Jorgen
_97853
245 1 0 _aThe dentist in art
_cby J. J. Pindborg and L. Marvitz ; tr. from the Danish by Gillian Hartz.
260 _aLondon
_bG. Proffer
_c1961
300 _a144 p.
_bil.
_c25 cm.
500 _aAA99
504 _aBibliografía: p. 138-140
650 1 4 _aOdontología en el arte
_97854
700 1 _aMarvitz, Leif
_ecoaut.
_97855
700 1 _aHartz, Gillian
_etr.
_97856
902 _aGFM
942 _2lcc
_cB
999 _c2538
_d2538